• 首页
  • 本馆介绍
  • 公告通知
  • 最新文献
  • 馆藏检索
  • 电子资源
  • 读者导购
  • 参考咨询
  • 我的图书馆
  • 登录
  • 详细信息显示
  • 放入我的书架
  • 预约/预借图书
  • 作者相关作品
  • 分类相关作品
  • 丛书相关作品
  • 出版社相关作品

书目信息

  • 表格格式
  • 工作单格式
  • 卡片格式
题名:
“接班人”的诞生
    
 
作者: 程天君 著
分册:  
出版信息: 南京   南京师范大学出版社  2022.1
页数: 10,329页
开本: 23cm
丛书名: 社会学视野中的教育丛书
单 册:
中图分类: G41
科图分类:
主题词: 学校教育--思想政治教育--研究 , 学校教育 , 思想政治教育
电子资源:
ISBN: 978-7-81101-829-5
000 01070nam2 2200313 45
001 012001002309
005 20140202133324.0
010    @a978-7-81101-829-5@dCNY68.00
100    @a20220905d2008 em y0chiy50 ea
101 0  @achi
102    @aCN@b320000
105    @ay z 000yy
106    @ar
200 1  @a“接班人”的诞生@A“jie ban ren”de dan sheng@e学校中的政治仪式考察@f程天君著
210    @a南京@c南京师范大学出版社@d2022.1
215    @a10,329页@d23cm
225 2  @a社会学视野中的教育丛书
300    @a其他题名:学校中的政治仪式考察
330    @a本书内容包括革命/反动:政治教育的一个仪式化母题;打鬼的钟馗:仪式在制度化的学校教育中;迈向学校政治社会学等。
410  0 @12001 @a社会学视野中的教育丛书
461  0 @12001 @a社会学视野中的教育丛书
517 1  @a学校中的政治仪式考察@Axue xiao zhong de zheng zhi yi shi kao cha
606 0  @a学校教育@x思想政治教育@x研究
606 0  @a学校教育
606 0  @a思想政治教育
690    @aG41@v4
701  0 @a程天君@Acheng tian jun@4著
801  0 @aCN@bAHXH@c20221111
905    @b1367877-81@dG41@e103@f5
    
    “接班人”的诞生:学校中的政治仪式考察/程天君著.-南京:南京师范大学出版社,2022.1
    10,329页;23cm.-(社会学视野中的教育丛书)
    其他题名:学校中的政治仪式考察
    
    ISBN 978-7-81101-829-5:CNY68.00
    本书内容包括革命/反动:政治教育的一个仪式化母题;打鬼的钟馗:仪式在制度化的学校教育中;迈向学校政治社会学等。
●
相关链接 在E读中查询图书 在五车中查询图书 在当当中查询图书 在豆瓣中查询图书


正题名:"接班人"的诞生     索取号:G41/103         预约/预借

序号 登录号 条形码 馆藏地/架位号 状态 备注
1 1367877   213678778   第一样本阅览室/ [索取号:G41/103] 在馆    
2 1367878   213678787   教育系资料室/ [索取号:G41/103] 在馆    
3 1367879   213678796   教育系资料室/ [索取号:G41/103] 在馆    
4 1367880   213678803   第四借阅区/ [索取号:G41/103] 在馆    
5 1367881   213678812   第四借阅区/ [索取号:G41/103] 在馆    
唐山师范学院图书馆 欢迎您!
大连网信软件有限公司© 版权所有